| 000 | 00743nam a2200229 i 4500 | ||
|---|---|---|---|
| 001 | 76846 | ||
| 003 | ES-MaACL | ||
| 005 | 20230906173002.0 | ||
| 007 | t| | ||
| 008 | 041005s1985 sp ||||1| spa d | ||
| 020 | _a84-7088-391-7 | ||
| 080 | _a711(4)"15" | ||
| 100 | 1 |
_aGuidoni, Enrico. _960659 |
|
| 245 | 1 | 0 |
_aHistoria del urbanismo : _bel siglo XVI / _cEnrico Guidoni, Angela Marino ; traducción de Juan Vioque Lozano. |
| 260 |
_aMadrid : _bInstituto de Estudios de Administración Local, _c1985. |
||
| 300 |
_a700 p. : _bil. ; _c25 cm. |
||
| 504 | _aBibliografía: p. 659-690. | ||
| 650 | 4 |
_aUrbanismo- _yS.XVI. _9174556 |
|
| 700 | 1 |
_aMarino, Angela. _976850 |
|
| 700 | 1 |
_aVioque Lozano, Juan. _9115421 |
|
| 852 | 4 |
_aES-MaACL _jL-7189 |
|
| 999 |
_c76846 _d76846 |
||